Strategic public finance. (Record no. 6221)

MARC details
000 -LEADER
fixed length control field 00570nam a22002052 4500
001 - CONTROL NUMBER
control field 0000003087
005 - DATE AND TIME OF LATEST TRANSACTION
control field 20151217151914.0
008 - FIXED-LENGTH DATA ELEMENTS--GENERAL INFORMATION
fixed length control field 070427s xx 000 0 eng d
020 ## - INTERNATIONAL STANDARD BOOK NUMBER
International Standard Book Number 0333922212 :
040 ## - CATALOGING SOURCE
Original cataloging agency KABU
Transcribing agency KABU
050 #0 - LIBRARY OF CONGRESS CALL NUMBER
Classification number HJ141
Item number .B35
100 1# - MAIN ENTRY--PERSONAL NAME
Personal name Bailey, Stephen J.
-- 0000152731
245 10 - TITLE STATEMENT
Title Strategic public finance.
260 ## - PUBLICATION, DISTRIBUTION, ETC. (IMPRINT)
Place of publication, distribution, etc. Basingstoke, England :
Name of publisher, distributor, etc. Palgrave Macmillan,
Date of publication, distribution, etc. 2004.
300 ## - PHYSICAL DESCRIPTION
Extent xiv, 288 p.
650 #0 - SUBJECT ADDED ENTRY--TOPICAL TERM
Topical term or geographic name as entry element Finance, Public.
-- 0000152484
908 ## - PUT COMMAND PARAMETER (RLIN)
Put command parameter 070427
950 ## - LOCAL HOLDINGS (RLIN)
-- 1
Holdings
Withdrawn status Lost status Source of classification or shelving scheme Not for loan Home library Current library Date acquired Total Checkouts Full call number Barcode Date last seen Price effective from Koha item type
    Library of Congress Classification   Kabarak, Main Campus Kabarak, Main Campus 17/12/2015   HJ141 .B35 007078 17/12/2015 17/12/2015 General Collection
Designed with assistance from East African Informatics Ltd